000 00474nam a22001697a 4500
999 _c182071
_d182071
005 20211022112616.0
010 _aEN230921
020 _a9781942426578
_c599.00
037 _bGaruda Prakashan
100 _aDastidar, Sachi G
245 _aBengal's Hindu Holocaust /
_cby Sachi G Dastidar
260 _aGurugram
_bGaruda Prakashan
_c2020
270 _bGurugram
300 _a462p.:
_c22cm(pbk)
500 _aThe Partition of india and its aftermath
942 _2ddc
_cEN
_mDAS